| 000 | 00472cam a2200181 4500 | ||
|---|---|---|---|
| 001 | D10060 | ||
| 008 | 090401t1983 xxu||||| |||| 00| 0 eng d | ||
| 035 | _a(Sirsi) u2547 | ||
| 041 | _aeng | ||
| 050 | _a333.33 | ||
| 100 | _aZunde, Joan | ||
| 245 | 4 | _aThe house hunter`s handbook: a step-by-step guide to finding and buying a home | |
| 260 |
_aLondon _bMacmillan Publishers _c1983 |
||
| 300 | _a226p. ill. 23cm | ||
| 350 | _a4.95 | ||
| 942 | _n0 | ||
| 948 | _c04/03/1997 | ||
| 999 |
_c85782 _d85782 |
||